LEADER 00969nam a2200241 i 4500 001 000000063604 003 CaOOAMICUS 005 20060531000000.0 008 060531s1993 it u000 u ita u 013 $a34776 020 $a88-7107-042-9 040 $aSeMil$bita 245 10$aAbruzzo /$c[a cura di] Regione Abruzzo, Soprintendenza regionale ai beni librari. 300 $aX, 171 p. 500 $aContiene : Appendice. 650 4$aAbruzzo - Biblioteche.$0(OLS)http://semarc/subject/12468 700 1 $aAbruzzo : Sopraintendenza regionale ai beni librari.$0(OLS)http://semarc/name/32149 773 0 $tCatalogo delle biblioteche d'Italia.$dRoma : ICCU, copyr. 1993.$z88-7107-030-5$w()318 850 $aSeMil 852 $aSeMil$W1$xVenegono$y1$m3Y IV 36$j259317$B29757$CSeMilBibl$Z2$F29760 $81 961 $aAcquisto: Distributore 996 $6020$a88-7107-042-9$9(OLS)http://semarc/number/40368 996 $6245$aAbruzzo$9(OLS)http://semarc/title/100531 LEADER 01030nam a2200265 i 4500 001 000000125224 003 CaOOAMICUS 005 20051125000000.0 008 051125s1991 fr u000 u fre u 013 $a97923 020 $a2-02-012741-5 040 $aSeMil$bita 100 1 $aBernanos, Georges,$d<1888-1948>.$0(OLS)http://semarc/name/9030 245 10$aCahiers de Monsieur Ouine /$cGeorges Bernanos ; rassemblés et présentés par Daniel Pezeril. 260 $aParis :$bEd. du Seuil,$ccopyr. 1991. 300 $a771 p. ;$c23 cm. 500 $aFondo Ciprandi. 700 1 $aPezeril, Daniel,$d<1911-1998>.$0(OLS)http://semarc/name/9681 850 $aSeMil 852 $aSeMil$W1$xVenegono$y1$m1W IV 302$j79711$B79711$CSeMilBibl$Z2$F106116 $81 941 1 $a1 961 $aOmaggio: Ciprandi dott. Paolo 996 $6020$a2-02-012741-5$9(OLS)http://semarc/number/111151 996 $6245$aCahiers de Monsieur Ouine$9(OLS)http://semarc/title/184415 996 $6260$aParis :$bEd. du Seuil$9(OLS)http://semarc/publisher/30152